Mobutu, ou, L'incarnation du mal zaïrois / (Record no. 128567)
[ view plain ]
| 000 -LEADER | |
|---|---|
| fixed length control field | 01226cam a2200313 a 4500 |
| 001 - CONTROL NUMBER | |
| control field | 1873230 |
| 003 - CONTROL NUMBER IDENTIFIER | |
| control field | ARRUPE |
| 005 - DATE AND TIME OF LATEST TRANSACTION | |
| control field | 20181114121211.0 |
| 008 - FIXED-LENGTH DATA ELEMENTS--GENERAL INFORMATION | |
| fixed length control field | 830928s1982 enkaf 000 0afre |
| 010 ## - LIBRARY OF CONGRESS CONTROL NUMBER | |
| LC control number | 82231479 |
| 020 ## - INTERNATIONAL STANDARD BOOK NUMBER | |
| International Standard Book Number | 0860361977 : |
| Terms of availability | £11.00 |
| 040 ## - CATALOGING SOURCE | |
| Original cataloging agency | DLC |
| Transcribing agency | DLC |
| Modifying agency | DLC |
| -- | OCoLC |
| -- | DLC |
| 043 ## - GEOGRAPHIC AREA CODE | |
| Geographic area code | f-cg--- |
| 050 00 - LIBRARY OF CONGRESS CALL NUMBER | |
| Classification number | DT658.2.N47 |
| Item number | A35 1982 |
| 082 00 - DEWEY DECIMAL CLASSIFICATION NUMBER | |
| Classification number | 967.5/103/0924 |
| -- | B |
| Edition number | 19 |
| 300 ## - PHYSICAL DESCRIPTION | |
| Other physical details | ill. ; |
| Dimensions | 23 cm. |
| 100 0# - MAIN ENTRY--PERSONAL NAME | |
| Personal name | Nguza Karl i Bond, |
| Dates associated with a name | 1938- |
| 9 (RLIN) | 43445 |
| 245 10 - TITLE STATEMENT | |
| Title | Mobutu, ou, L'incarnation du mal zaïrois / |
| Statement of responsibility, etc | Nguza Karl i Bond. |
| 260 ## - PUBLICATION, DISTRIBUTION, ETC. (IMPRINT) | |
| Place of publication, distribution, etc | London : |
| Name of publisher, distributor, etc | R. Collings, |
| Date of publication, distribution, etc | 1982. |
| 300 ## - PHYSICAL DESCRIPTION | |
| Extent | 201 p., [8] p. of plates : |
| 600 00 - SUBJECT ADDED ENTRY--PERSONAL NAME | |
| Personal name | Nguza Karl i Bond, |
| Dates associated with a name | 1938- |
| 9 (RLIN) | 43445 |
| 600 00 - SUBJECT ADDED ENTRY--PERSONAL NAME | |
| Personal name | Mobutu Sese Seko, |
| Dates associated with a name | 1930-1997. |
| 9 (RLIN) | 43446 |
| 650 #0 - SUBJECT ADDED ENTRY--TOPICAL TERM | |
| Topical term or geographic name as entry element | Political prisoners |
| Geographic subdivision | Congo (Democratic Republic) |
| Form subdivision | Biography. |
| 9 (RLIN) | 43447 |
| 650 #0 - SUBJECT ADDED ENTRY--TOPICAL TERM | |
| Topical term or geographic name as entry element | Cabinet officers |
| Geographic subdivision | Congo (Democratic Republic) |
| Form subdivision | Biography. |
| 9 (RLIN) | 43448 |
| 650 #0 - SUBJECT ADDED ENTRY--TOPICAL TERM | |
| Topical term or geographic name as entry element | Political crimes and offenses |
| Geographic subdivision | Congo (Democratic Republic) |
| 9 (RLIN) | 43449 |
| 651 #0 - SUBJECT ADDED ENTRY--GEOGRAPHIC NAME | |
| Geographic name | Congo (Democratic Republic) |
| General subdivision | Politics and government |
| Chronological subdivision | 1960-1997. |
| 9 (RLIN) | 43450 |
| 651 #0 - SUBJECT ADDED ENTRY--GEOGRAPHIC NAME | |
| Geographic name | Congo (Democratic Republic) |
| General subdivision | History |
| Chronological subdivision | Shaba Invasion, 1977. |
| 9 (RLIN) | 43451 |
| 740 0# - ADDED ENTRY--UNCONTROLLED RELATED/ANALYTICAL TITLE | |
| Uncontrolled related/analytical title | Mobutu. |
| 906 ## - LOCAL DATA ELEMENT F, LDF (RLIN) | |
| a | 7 |
| b | cbc |
| c | orignew |
| d | 3 |
| e | ncip |
| f | 19 |
| g | y-gencatlg |
| 942 ## - ADDED ENTRY ELEMENTS (KOHA) | |
| Source of classification or shelving scheme | Library of Congress Classification |
| Koha item type | Monograph ( Printed materials) |
| Withdrawn status | Lost status | Source of classification or shelving scheme | Damaged status | Not for loan | Home library | Current library | Date acquired | Total Checkouts | Full call number | Barcode | Date last seen | Price effective from | Koha item type |
|---|---|---|---|---|---|---|---|---|---|---|---|---|---|
| Library of Congress Classification | ARRUPE LIBRARY | ARRUPE LIBRARY | 14/11/2018 | DT658.2.N47 A35 1982 | 46600002561 | 14/11/2018 | 14/11/2018 | Monograph ( Printed materials) |